00438nam a22000977a 4500008004100000010001500041245007600056260002300132500013300155500005200288150619b xxu||||| |||| 00| 0 eng d 8HCCRSF:004 aHIGH COURT CRIMINAL SESSION CASE NO.138 OF 1969 Uganda Vs Elikano Ovuon aHigh Court Kampala 3(Original criminal case No.MA.388 of 1968 in the Magistrate's Court of Gulu at Arua Before-F.W.Kakembo Esq.,Magistrate Grade 1.) 3 BEFORE:The Honourable Mr.Justice R.E.G.Russell